Bharatiya loknatya/ (Record no. 5060)

000 -LEADER
fixed length control field 00379nam a22001571a 4500
020 ## - INTERNATIONAL STANDARD BOOK NUMBER
ISBN 9788170557081
082 ## - DEWEY DECIMAL CLASSIFICATION NUMBER
Classification number H 792.807
Item number VAS/B
100 ## - MAIN ENTRY--AUTHOR NAME
Personal name Vashishta Narayan Tripathi
245 ## - TITLE STATEMENT
Title Bharatiya loknatya/
Statement of responsibility, etc by Vashishta Narayan Tripathi
260 ## - PUBLICATION, DISTRIBUTION, ETC. (IMPRINT)
Place of publication New Delhi:
Name of publisher Vani,
Year of publication 2001.
300 ## - PHYSICAL DESCRIPTION
Number of Pages 137p.
650 ## - SUBJECT ADDED ENTRY--TOPICAL TERM
Topical Term Dance India
650 ## - SUBJECT ADDED ENTRY--TOPICAL TERM
Topical Term Dance
650 ## - SUBJECT ADDED ENTRY--TOPICAL TERM
Topical Term Arts
942 ## - ADDED ENTRY ELEMENTS (KOHA)
Koha item type Book
Holdings
Withdrawn status Lost status Damaged status Not for loan Permanent Location Current Location Date acquired Cost, normal purchase price Full call number Accession Number Cost, replacement price Price effective from Koha item type
        Sree Sankaracharya University of Sanskrit Sree Sankaracharya University of Sanskrit 08.01.2015 150.00 H 792.807 VAS/B 054150 0.00 08.01.2015 Book
        Sree Sankaracharya University of Sanskrit Sree Sankaracharya University of Sanskrit 08.01.2015 200.00 H 792.807 VAS/B 064716 0.00 08.01.2015 Book